000 00557nam a2200169 a 4500
005 20210223121005.0
008 991125s1974 mx 000 0 spa u
035 _aUPN01000010342
049 _aF
050 4 _aQA11
_bO6.48 no.8
245 0 0 _aComputación /
_cpreparado por el equipo del curso básico de matemáticas de la Open University ; tr. Nicolás Civetta.
260 _aMéxico :
_bMcGraw-Hill,
_c1974.
300 _a2 v.
440 0 _aCurso básico de matemáticas ;
_v8, 20
650 4 _aPROCESAMIENTO ELECTRONICO DE DATOS
_96577
905 _aLibro
999 _c10342
_d10342